00763nam a22002417a 450000100040000000500170000402000370002104000340005805000240009208200140011610000170013024500420014726000350018930000240022449000260024850000260027450500080030052001340030852100200044252100200046265000190048265000200050179820230926140305.0 a0590477390 :c$2.95 ($3.95 Can.) aIStccIStcdIWhNdOdDLCbeng00aPZ7.S86037bWi 199400a[Fic]2211 aStine, R. L.10aWhy I'm afraid of bees /cR.L. Stine. aNew York :bScholastic,c1994. a117 pages ;c20 cm.1 aGoosebumps ;vBook 17 a"An Apple paperback." aN  aGary's dream is about to come true. He's going to exchange bodies with another kid for a whole week but the new body isn't human.0 a570 bLexile 1 aN bRaz-Plus  1aBeesxFiction. 1aHorror stories.